000 00514nam a22001697a 4500
999 _c11677
_d11677
003 AR-CdUCM
008 190404b ||||| |||| 00| 0 spa d
040 _aMUNICIPALIDAD PROVINCIAL DEL CUSCO
_cBIBLIOTECA MUNICIPAL DEL CUSCO
082 _a868.61 /
_bG79 / 1943
100 _aGrau, Jacinto
_910930
245 _aLos tres locos del mundo :
_bla señora guapa /
260 _aBuenos Aires :
_bLosada,
_c1943.
300 _a212 páginas ;
_c18 cm.
650 _aComedia.
_92607
942 _2ddc
_cLIBROS
945 _awfj